মানবিক উন্নয়ন ও বিকল্প ভাবনা / (Record no. 31682)
[ view plain ]
| 000 -LEADER | |
|---|---|
| fixed length control field | 00742nam a22001817a 4500 |
| 003 - CONTROL NUMBER IDENTIFIER | |
| control field | BDDh-ASL |
| 005 - DATE AND TIME OF LATEST TRANSACTION | |
| control field | 20231015031311.0 |
| 008 - FIXED-LENGTH DATA ELEMENTS--GENERAL INFORMATION | |
| fixed length control field | 230405s1988 b ||||| |||| 00| 0 b d |
| 040 ## - CATALOGING SOURCE | |
| Original cataloging agency | BDDh-ASL |
| Transcribing agency | BDDh-ASL |
| 041 ## - LANGUAGE CODE | |
| Language code of text/sound track or separate title | ben |
| 082 ## - DEWEY DECIMAL CLASSIFICATION NUMBER | |
| Classification number | 300 |
| Item number | MAN |
| 245 00 - TITLE STATEMENT | |
| Title | মানবিক উন্নয়ন ও বিকল্প ভাবনা / |
| 246 ## - VARYING FORM OF TITLE | |
| Title proper/short title | Manobik Unnoyon O Bikolpa Bhabna |
| 260 ## - PUBLICATION, DISTRIBUTION, ETC. | |
| Place of publication, distribution, etc. | ঢাকা : |
| Name of publisher, distributor, etc. | এসোটিয়েশন ফর সোশ্যাল এডভান্সমেন্ট (আশা), |
| Date of publication, distribution, etc. | 1988. |
| 300 ## - PHYSICAL DESCRIPTION | |
| Extent | 187 p. : |
| Dimensions | 22 cm. |
| 650 #0 - SUBJECT ADDED ENTRY--TOPICAL TERM | |
| Topical term or geographic name entry element | Human Resource Management, মানব সম্পদ ব্যবস্থাপনা, Mānaba sampada byabasthāpanā |
| 9 (RLIN) | 2930 |
| 942 ## - ADDED ENTRY ELEMENTS (KOHA) | |
| Source of classification or shelving scheme | Dewey Decimal Classification |
| Koha item type | Books |
| Withdrawn status | Lost status | Source of classification or shelving scheme | Damaged status | Not for loan | Collection code | Home library | Current library | Shelving location | Date acquired | Source of acquisition | Total Checkouts | Full call number | Barcode | Date last seen | Copy number | Price effective from | Koha item type | Public note |
|---|---|---|---|---|---|---|---|---|---|---|---|---|---|---|---|---|---|---|
| Dewey Decimal Classification | Non-fiction | Asiatic Society Library | Asiatic Society Library | General Stacks | 04/05/2023 | Donated by Prof. Husniara Huq - A.K.M Azizul Haq Collection | 300 MAN | 120399 | 04/05/2023 | C-1 | 04/05/2023 | Books | Y-1988 | |||||
| Dewey Decimal Classification | Non-fiction | Asiatic Society Library | Asiatic Society Library | General Stacks | 04/05/2023 | Donated by Prof. Husniara Huq - A.K.M Azizul Haq Collection | 300 MAN | 120425 | 04/05/2023 | C-2 | 04/05/2023 | Books | Y-1988 |